[Event "Echiquier Bordelais-Nice"]
[Site "Saint Affrique"]
[Date "2007.11.24"]
[Round "2.3"]
[White "Passager, Jean Pierre"]
[Black "Gachet, Sebastien"]
[Result "1-0"]
[WhiteElo "2217"]
[BlackElo "2284"]
[PlyCount "103"]
[EventDate "2007.11.24"]
[WhiteTeam "Echiquier Bordelais"]
[BlackTeam "Nice"]

1. d4 Nf6 2. c4 g6 3. Nc3 Bg7 4. g3 c5 5. d5 d6 6. Bg2 O-O 7. Nf3 Bf5 8. Nh4
Bd7 9. O-O Na6 10. f4 Nc7 11. a4 Rb8 12. e4 a6 13. e5 Nfe8 14. Re1 b5 15. axb5
axb5 16. b3 bxc4 17. bxc4 Rb4 18. Qd3 Qc8 19. Bd2 Rb6 20. Rab1 Rxb1 21. Qxb1
Qa6 22. Qd3 e6 23. Qe2 exd5 24. cxd5 Qxe2 25. Rxe2 Nb5 26. Ne4 Bg4 27. Bf3 Bc8
28. exd6 Nexd6 29. Nxd6 Nxd6 30. Be3 c4 31. Bc5 Nb5 32. Bxf8 Kxf8 33. Ra2 c3
34. Be4 Ke7 35. Kf2 Nd6 36. Bd3 Bb7 37. Ra5 Bd4+ 38. Ke2 Bg7 39. Nf3 Bh8 40.
Ne5 Kd8 41. Ba6 Ba8 42. Rc5 f6 43. Nc4 Bb7 44. Bxb7 Nxb7 45. Rc6 f5 46. Nb6 Ke8
47. Rc8+ Nd8 48. Kd3 Bf6 49. Rc7 Nf7 50. Na4 h5 51. Rc6 Be7 52. Rxg6 1-0

[Event "Echiquier Bordelais-Nice"]
[Site "Saint Affrique"]
[Date "2007.11.24"]
[Round "2.4"]
[White "Oliveira, Sancho"]
[Black "Quillien, Emmanuel"]
[Result "1/2-1/2"]
[WhiteElo "2212"]
[BlackElo "2154"]
[PlyCount "86"]
[EventDate "2007.11.24"]
[WhiteTeam "Nice"]
[BlackTeam "Echiquier Bordelais"]

1. e4 c5 2. Nf3 Nc6 3. d4 cxd4 4. Nxd4 Nf6 5. Nc3 e5 6. Ndb5 d6 7. Bg5 a6 8.
Na3 b5 9. Bxf6 gxf6 10. Nd5 f5 11. c3 Bg7 12. exf5 Bxf5 13. Nc2 O-O 14. Nce3
Be6 15. Bd3 f5 16. O-O Kh8 17. a4 Ne7 18. Nxe7 Qxe7 19. axb5 e4 20. Bc4 axb5
21. Rxa8 Rxa8 22. Bxe6 Qxe6 23. Nd5 Rc8 24. f3 Be5 25. f4 Bg7 26. Qd2 Rc4 27.
Ne3 Rc5 28. Ra1 h6 29. Ra6 b4 30. cxb4 Rb5 31. Rxd6 Qb3 32. Rd8+ Kh7 33. Rd7
Kh8 34. Rxg7 Kxg7 35. Qc3+ Qxc3 36. bxc3 Kf7 37. h3 h5 38. g4 fxg4 39. hxg4
hxg4 40. Nxg4 Ke6 41. Ne3 Rb8 42. Kf2 Rf8 43. Kg3 Rg8+ 1/2-1/2

[Event "Echiquier Bordelais-Nice"]
[Site "Saint Affrique"]
[Date "2007.11.24"]
[Round "2.5"]
[White "Daumens, Michel"]
[Black "Bes, Stephane"]
[Result "1/2-1/2"]
[WhiteElo "2205"]
[BlackElo "2134"]
[PlyCount "63"]
[EventDate "2007.11.24"]
[WhiteTeam "Echiquier Bordelais"]
[BlackTeam "Nice"]

1. e4 c5 2. Nf3 Nc6 3. Bb5 e6 4. O-O Nge7 5. Re1 a6 6. Bf1 d5 7. e5 Nf5 8. c3
Be7 9. Na3 d4 10. d3 O-O 11. Nc2 Rb8 12. cxd4 Ncxd4 13. Ncxd4 cxd4 14. a3 b5
15. b4 Bb7 16. Bb2 Qd5 17. Nd2 Rbc8 18. Rc1 Rxc1 19. Qxc1 Rc8 20. Qd1 Qa2 21.
Qb3 Bd5 22. Qxa2 Bxa2 23. Rc1 Rxc1 24. Bxc1 Bd5 25. g3 Bg5 26. Bh3 Bxd2 27.
Bxd2 Ne7 28. Bg4 Kf8 29. Bd1 Ke8 30. Kf1 Kd7 31. Ke1 Nc6 32. f4 1/2-1/2

[Event "Echiquier Bordelais-Nice"]
[Site "Saint Affrique"]
[Date "2007.11.24"]
[Round "2.6"]
[White "Boursier, Julien"]
[Black "Lagunes, Jean Renaud"]
[Result "1-0"]
[WhiteElo "2092"]
[BlackElo "2078"]
[PlyCount "78"]
[EventDate "2007.11.24"]
[WhiteTeam "Nice"]
[BlackTeam "Echiquier Bordelais"]

1. d4 Nf6 2. Nf3 g6 3. Bg5 Ne4 4. Bh4 c6 5. Nbd2 d5 6. e3 Bg4 7. Bd3 Nxd2 8.
Qxd2 Bxf3 9. gxf3 Qb6 10. c3 Nd7 11. O-O-O Bg7 12. e4 e6 13. Bg5 Nf6 14. h4 Nh5
15. Rde1 Qc7 16. Rhg1 a6 17. e5 c5 18. Kb1 b5 19. Be3 c4 20. Be2 Bf8 21. Bh6
Be7 22. f4 O-O-O 23. f5 exf5 24. Bxh5 gxh5 25. Bg7 Rhg8 26. Qh6 Bxh4 27. Qxh5
Qe7 28. Qxf5+ Qe6 29. Qf4 Be7 30. Rg3 h5 31. Reg1 h4 32. Rg4 h3 33. Qg3 Qf5+
34. Ka1 b4 35. Rf4 Qc2 36. Rxf7 h2 37. Qxh2 bxc3 38. Qh3+ Rd7 39. bxc3 Kd8 1-0

[Event "Echiquier Bordelais-Nice"]
[Site "Saint Affrique"]
[Date "2007.11.24"]
[Round "2.7"]
[White "Galloux, Maxime"]
[Black "Bressac, Stephane"]
[Result "1-0"]
[WhiteElo "2063"]
[BlackElo "1971"]
[PlyCount "67"]
[EventDate "2007.11.24"]
[WhiteTeam "Echiquier Bordelais"]
[BlackTeam "Nice"]

1. e4 e6 2. d4 d5 3. Nc3 Nf6 4. e5 Nfd7 5. f4 c5 6. Nf3 Nc6 7. Be3 a6 8. Qd2 b5
9. a3 Qa5 10. Ra2 Qc7 11. Qf2 b4 12. axb4 cxb4 13. Na4 b3 14. Ra1 Nb4 15. Rc1
Nxc2+ 16. Kd1 Qa5 17. Nc3 Ba3 18. Bd2 Bxb2 19. Nb5 Qb6 20. Nd6+ Kf8 21. f5 Bxc1
22. Bxc1 b2 23. Bxb2 Qxb2 24. fxe6 Qa1+ 25. Kd2 Nb6 26. Nxf7 Qa5+ 27. Kd1 Qa1+
28. Kd2 Bxe6 29. N7g5 Qa5+ 30. Kd1 Bf5 31. Bd3 g6 32. Nh4 Qa1+ 33. Kd2 Qxd4 34.
Ne6+ 1-0

[Event "Echiquier Bordelais-Nice"]
[Site "Saint Affrique"]
[Date "2007.11.24"]
[Round "2.8"]
[White "Bramme, Isabelle"]
[Black "Soissong, Elzbieta"]
[Result "1-0"]
[WhiteElo "2004"]
[BlackElo "1540"]
[PlyCount "107"]
[EventDate "2007.11.24"]
[WhiteTeam "Nice"]
[BlackTeam "Echiquier Bordelais"]

1. d4 Nf6 2. Nf3 e6 3. Bg5 Be7 4. e3 O-O 5. Bd3 c5 6. c3 d5 7. Nbd2 Nbd7 8. O-O
Qc7 9. e4 dxe4 10. Nxe4 c4 11. Bb1 Re8 12. Qc2 g6 13. h4 Nd5 14. Qd2 Bxg5 15.
Qxg5 Qf4 16. Qxf4 Nxf4 17. Nd6 Rf8 18. Nxc4 b6 19. Be4 Rb8 20. Nce5 b5 21. Nc6
a6 22. Nxb8 Nxb8 23. g3 Nd5 24. Ne5 f6 25. Nd3 Nb6 26. b3 a5 27. Nc5 Nd5 28.
Rac1 Rd8 29. Rfe1 Kf7 30. Bg2 Rd6 31. Bf1 Nc7 32. Red1 Rb6 33. c4 bxc4 34. Rxc4
Ba6 35. Nxa6 Ncxa6 36. Ra4 Nc6 37. d5 exd5 38. Rxd5 Nab4 39. Rb5 Rxb5 40. Bxb5
Na7 41. Rxa5 Nxb5 42. Rxb5 Nxa2 43. Rb7+ Ke6 44. Rxh7 Nb4 45. h5 gxh5 46. Rxh5
Nd5 47. Rxd5 Kxd5 48. g4 Kd4 49. Kg2 Kc3 50. f4 Kd4 51. Kf3 Kd5 52. b4 Kd4 53.
g5 fxg5 54. fxg5 1-0

[Event "Monaco-Bordeaux ASPOM"]
[Site "Saint Affrique"]
[Date "2007.11.24"]
[Round "2.1"]
[White "Van Hoolandt, Patrick"]
[Black "Cousigne, Frederic"]
[Result "1-0"]
[WhiteElo "2245"]
[BlackElo "2209"]
[PlyCount "69"]
[EventDate "2007.11.24"]
[WhiteTeam "Monaco"]
[BlackTeam "Bordeaux A.S.P.O.M."]

1. d4 e6 2. c4 f5 3. g3 Nf6 4. Bg2 Be7 5. Nf3 O-O 6. O-O d6 7. Nc3 Ne4 8. Nxe4
fxe4 9. Nd2 d5 10. f3 exf3 11. Nxf3 Nc6 12. Bd2 dxc4 13. Bc3 Rb8 14. a4 a6 15.
a5 b5 16. axb6 cxb6 17. e4 b5 18. d5 exd5 19. exd5 Bc5+ 20. Kh1 Nb4 21. Ne5 Bb7
22. Rxf8+ Bxf8 23. Nc6 Nd3 24. Qf3 Bxc6 25. dxc6 Bc5 26. Rf1 Nf2+ 27. Rxf2 Bxf2
28. Qxf2 Qd1+ 29. Qg1 Qd3 30. Qd4 Qb1+ 31. Qg1 Qd3 32. Qe1 Rf8 33. Bb4 c3 34.
bxc3 Rd8 35. c7 1-0

[Event "Monaco-Bordeaux ASPOM"]
[Site "Saint Affrique"]
[Date "2007.11.24"]
[Round "2.2"]
[White "Favarel, Julien"]
[Black "Rouchouse, Stevens"]
[Result "1-0"]
[WhiteElo "2269"]
[BlackElo "2203"]
[PlyCount "65"]
[EventDate "2007.11.24"]
[WhiteTeam "Bordeaux A.S.P.O.M."]
[BlackTeam "Monaco"]

1. d4 Nf6 2. c4 g6 3. Nc3 Bg7 4. e4 O-O 5. Nf3 d6 6. Be2 e5 7. O-O Nc6 8. d5
Ne7 9. Ne1 Nd7 10. f3 f5 11. g4 Kh8 12. Ng2 Ng8 13. Rb1 a5 14. a3 fxe4 15. fxe4
Rxf1+ 16. Kxf1 Bh6 17. b4 Bxc1 18. Qxc1 axb4 19. axb4 Nb6 20. Kg1 Na4 21. Nd1
Kg7 22. Nf2 Qe7 23. Ra1 Bd7 24. Bd1 Qf8 25. Ra3 Nb6 26. Rxa8 Qxa8 27. c5 dxc5
28. bxc5 Na4 29. Qa1 Bb5 30. Qxe5+ Kf8 31. Qf4+ Ke8 32. Qxc7 Qa7 33. Qxh7 1-0

[Event "Monaco-Bordeaux ASPOM"]
[Site "Saint Affrique"]
[Date "2007.11.24"]
[Round "2.3"]
[White "Roussiere, Christophe"]
[Black "Jaureguiberry, Cedric"]
[Result "0-1"]
[WhiteElo "2108"]
[BlackElo "2149"]
[PlyCount "68"]
[EventDate "2007.11.24"]
[WhiteTeam "Monaco"]
[BlackTeam "Bordeaux A.S.P.O.M."]

1. e4 d6 2. d4 Nf6 3. Nc3 g6 4. Nf3 Bg7 5. Be2 O-O 6. O-O c6 7. a4 Nbd7 8. a5
e5 9. Re1 exd4 10. Nxd4 Re8 11. Bf1 Nc5 12. f3 Nh5 13. Be3 Ne6 14. Qd2 d5 15.
Nxe6 Bxe6 16. exd5 cxd5 17. Nb5 Bxb2 18. Rab1 Be5 19. g4 Ng7 20. Bxa7 Rxa7 21.
Nxa7 Bc7 22. Ra1 Qf6 23. Nb5 Be5 24. c3 Bd7 25. Nd4 Ne6 26. Rad1 Nxd4 27. cxd4
Bxd4+ 28. Kg2 Rxe1 29. Qxe1 Bc3 30. Qf2 Bxa5 31. Rxd5 Bb6 32. Qe2 Bc6 33. Rd2
Qf4 34. Qd3 Qxg4+ 0-1

[Event "Monaco-Bordeaux ASPOM"]
[Site "Saint Affrique"]
[Date "2007.11.24"]
[Round "2.4"]
[White "Bancel, Gerard"]
[Black "Gentilleau, Jean Philippe"]
[Result "1-0"]
[WhiteElo "2124"]
[BlackElo "2181"]
[PlyCount "77"]
[EventDate "2007.11.24"]
[WhiteTeam "Bordeaux A.S.P.O.M."]
[BlackTeam "Monaco"]

1. g3 d5 2. c4 c6 3. Nf3 Nf6 4. Bg2 g6 5. Qa4 Nbd7 6. cxd5 cxd5 7. Nc3 Bg7 8.
d3 O-O 9. O-O Nc5 10. Qh4 h5 11. Bg5 Ne6 12. Bd2 d4 13. Ne4 Nxe4 14. Qxe4 Qb6
15. b4 Qd6 16. Nh4 Rd8 17. Rfc1 Rb8 18. Nxg6 fxg6 19. Qxg6 Qe5 20. Bf3 Bd7 21.
Qxh5 Qf6 22. Rc2 Rf8 23. Rf1 b6 24. Be4 Rfc8 25. Rfc1 Rd8 26. f4 Be8 27. Qh3
Nf8 28. Rc7 Rd7 29. g4 a5 30. g5 Qd6 31. R1c6 Qxc6 32. Rxc6 Rdd8 33. Rc7 Bd7
34. Bd5+ e6 35. Rxd7 exd5 36. Rxd8 Rxd8 37. f5 Be5 38. f6 a4 39. Qf5 1-0

[Event "Monaco-Bordeaux ASPOM"]
[Site "Saint Affrique"]
[Date "2007.11.24"]
[Round "2.5"]
[White "Lebel, Patrick"]
[Black "Calas, Bernard"]
[Result "1-0"]
[WhiteElo "2184"]
[BlackElo "2161"]
[PlyCount "79"]
[EventDate "2007.11.24"]
[WhiteTeam "Monaco"]
[BlackTeam "Bordeaux A.S.P.O.M."]

1. b3 d5 2. Bb2 Bg4 3. Nf3 Nd7 4. e3 e6 5. Be2 c6 6. O-O Ngf6 7. c4 Bd6 8. Nc3
dxc4 9. bxc4 e5 10. Nh4 Be6 11. Qc2 O-O 12. Nf5 Bc5 13. Rfd1 g6 14. Ng3 Qc7 15.
d4 exd4 16. exd4 Bd6 17. Nce4 Nxe4 18. Qxe4 Rfe8 19. Qh4 Be7 20. Qh6 Bf8 21.
Qd2 f6 22. Ne4 Bg7 23. Rac1 Bf7 24. Bd3 Rad8 25. c5 Bxa2 26. Nd6 Re7 27. Ra1
Bb3 28. Rxa7 Rb8 29. Rb1 Nb6 30. Bc3 Nc8 31. Nxc8 Qxc8 32. Rxb3 Qe6 33. Rb1 Kh8
34. Re1 Qf7 35. Rxe7 Qxe7 36. Ra1 Qd7 37. Re1 f5 38. Qe3 Rd8 39. Rd1 Bxd4 40.
Bc4 1-0

[Event "Monaco-Bordeaux ASPOM"]
[Site "Saint Affrique"]
[Date "2007.11.24"]
[Round "2.6"]
[White "Favarel, Antoine"]
[Black "Mapelle, Jacques"]
[Result "1-0"]
[WhiteElo "2064"]
[BlackElo "2005"]
[PlyCount "79"]
[EventDate "2007.11.24"]
[WhiteTeam "Bordeaux A.S.P.O.M."]
[BlackTeam "Monaco"]

1. e4 e5 2. Nf3 Nc6 3. Bb5 a6 4. Bxc6 dxc6 5. O-O Bd6 6. d4 Qe7 7. dxe5 Bxe5 8.
Nxe5 Qxe5 9. Nc3 Bd7 10. Be3 O-O-O 11. Qd4 Qxd4 12. Bxd4 f6 13. Rfd1 Ne7 14.
Rd2 Ng6 15. Rad1 Ne5 16. Bxe5 fxe5 17. f3 Be6 18. Rxd8+ Rxd8 19. Rxd8+ Kxd8 20.
Kf2 Ke7 21. Ke3 Kd6 22. g3 a5 23. f4 g6 24. h4 h5 25. a3 b5 26. Ne2 c5 27. Ng1
Bg4 28. Nf3 Bxf3 29. Kxf3 Ke6 30. Ke3 c4 31. c3 c5 32. Kf3 a4 33. g4 hxg4+ 34.
Kxg4 exf4 35. Kxf4 b4 36. e5 Kd5 37. h5 gxh5 38. Kf5 h4 39. e6 Kd6 40. Kf6 1-0

[Event "Monaco-Bordeaux ASPOM"]
[Site "Saint Affrique"]
[Date "2007.11.24"]
[Round "2.7"]
[White "Birens, Eric Andre"]
[Black "Maghrabi, Yvan"]
[Result "0-1"]
[WhiteElo "2040"]
[BlackElo "2072"]
[PlyCount "124"]
[EventDate "2007.11.24"]
[WhiteTeam "Monaco"]
[BlackTeam "Bordeaux A.S.P.O.M."]

1. d4 Nf6 2. c4 e5 3. dxe5 Ng4 4. e4 Nxe5 5. f4 Ng6 6. Be3 Bb4+ 7. Nd2 Qe7 8.
a3 Bc5 9. Qf3 Bxe3 10. Qxe3 Qf6 11. g3 Qxb2 12. Rb1 Qf6 13. e5 Qe7 14. Ngf3 d6
15. Bd3 dxe5 16. f5 Nf8 17. O-O f6 18. Be4 c6 19. c5 Na6 20. Rbc1 Nd7 21. Nb3
Nc7 22. Rfd1 O-O 23. Rd2 Nb8 24. Rcd1 a5 25. a4 Nba6 26. Qc3 Nb4 27. Rd6 Ncd5
28. Qd2 Rd8 29. Rxd8+ Qxd8 30. g4 Bd7 31. Ne1 Be8 32. Ng2 Qe7 33. Rc1 Qc7 34.
Kh1 Rd8 35. Qf2 Rd7 36. h4 Qd8 37. Kh2 Bf7 38. Qg3 Na2 39. Rc2 Nab4 40. Rb2 Kh8
41. h5 h6 42. Nh4 Nf4 43. Ng6+ Nxg6 44. hxg6 Bd5 45. Nd2 Bxe4 46. Nxe4 Rd3 47.
Qf2 Qd5 48. Re2 Qb3 49. Rd2 Qxa4 50. g5 Rxd2 51. Qxd2 Qc2 52. Qxc2 Nxc2 53.
gxf6 gxf6 54. Nxf6 Nd4 55. Nd7 Nxf5 56. Nxe5 Kg7 57. Kg1 a4 58. Nc4 Kxg6 59.
Kf2 Kf6 60. Ke1 h5 61. Kd1 h4 62. Nd2 Ke5 0-1

[Event "Monaco-Bordeaux ASPOM"]
[Site "Saint Affrique"]
[Date "2007.11.24"]
[Round "2.8"]
[White "Garma, Jovanka"]
[Black "Lebel Arias, Julia"]
[Result "1/2-1/2"]
[WhiteElo "1738"]
[BlackElo "1948"]
[PlyCount "92"]
[EventDate "2007.11.24"]
[WhiteTeam "Bordeaux A.S.P.O.M."]
[BlackTeam "Monaco"]

1. e4 Nf6 2. Nc3 d5 3. exd5 Nxd5 4. Nxd5 Qxd5 5. d4 Nc6 6. Nf3 Bg4 7. Be2 e6 8.
O-O O-O-O 9. c3 Be7 10. Ne5 Bxe2 11. Qxe2 Nxe5 12. Qxe5 Qxe5 13. dxe5 Rd5 14.
Re1 Rhd8 15. f4 Bc5+ 16. Kf1 h6 17. b4 Be7 18. Be3 Rd3 19. Rac1 b6 20. a4 c5
21. a5 Kc7 22. Ke2 g6 23. Rc2 Kc6 24. Rb1 c4 25. axb6 axb6 26. Bd4 g5 27. fxg5
Bxg5 28. b5+ Kd5 29. Bxb6 Rg8 30. Bd4 Bf4 31. Kf1 Bxe5 32. Bxe5 Kxe5 33. b6 Rb8
34. b7 Kd6 35. Rb4 Kc5 36. Rb1 Kc6 37. Rb4 Rxb7 38. Rxc4+ Kd5 39. Rh4 Rb3 40.
Rh5+ f5 41. c4+ Kc5 42. g4 Rbc3 43. Rxc3 Rxc3 44. gxf5 Rxc4 45. fxe6+ Kd6 46.
Kg2 Kxe6 1/2-1/2

[Event "Montpellier II-Tournefeuille"]
[Site "Saint Affrique"]
[Date "2007.11.24"]
[Round "2.1"]
[White "Anic, Darko"]
[Black "Sanchez, Nicolas"]
[Result "1-0"]
[WhiteElo "2449"]
[BlackElo "2201"]
[PlyCount "61"]
[EventDate "2007.11.24"]
[WhiteTeam "Montpellier II"]
[BlackTeam "Tournefeuille"]

1. Nf3 Nf6 2. c4 g6 3. g3 Bg7 4. Bg2 O-O 5. O-O d6 6. d4 c6 7. Nc3 Qa5 8. h3
Be6 9. Nd2 Qa6 10. d5 cxd5 11. cxd5 Bd7 12. Nb3 Rc8 13. e4 Be8 14. Be3 Nbd7 15.
Re1 Ne5 16. Bf1 Nc4 17. Bd4 b5 18. a4 Nxb2 19. Qb1 Rxc3 20. axb5 Qc8 21. Qxb2
Rc2 22. Qa3 Nd7 23. Bxg7 Kxg7 24. Nd4 Rc3 25. Qb2 f6 26. Nc6 Rc4 27. Nxe7 Qb7
28. Nc6 Ne5 29. Nxe5 fxe5 30. Ra6 Rd8 31. Rea1 1-0

[Event "Montpellier II-Tournefeuille"]
[Site "Saint Affrique"]
[Date "2007.11.24"]
[Round "2.2"]
[White "Garrel, Alain"]
[Black "Zharkov, Hleb"]
[Result "0-1"]
[WhiteElo "2157"]
[BlackElo "2239"]
[PlyCount "90"]
[EventDate "2007.11.24"]
[WhiteTeam "Tournefeuille"]
[BlackTeam "Montpellier II"]

1. d4 f5 2. Nf3 Nf6 3. c4 e6 4. g3 Be7 5. Bg2 d6 6. O-O O-O 7. Nc3 a5 8. Qc2
Nc6 9. a3 e5 10. dxe5 dxe5 11. e4 fxe4 12. Nxe4 Qe8 13. Bg5 Qh5 14. Bxf6 gxf6
15. c5 f5 16. Qc4+ Qf7 17. Qxf7+ Rxf7 18. Nc3 e4 19. Nd2 Bxc5 20. Nc4 Be6 21.
Ne3 Ne5 22. Ncd5 Nd3 23. b4 Bd4 24. Rab1 axb4 25. Nxb4 Rxa3 26. Nec2 c5 27.
Nxa3 cxb4 28. Nc2 Bc3 29. Na1 Ba2 30. Nb3 b6 31. Rfd1 Nc5 32. Nxc5 Bxb1 33.
Rxb1 bxc5 34. Bf1 Kg7 35. Bc4 Re7 36. Kf1 Kf6 37. Ke2 Bd4 38. Rd1 Ra7 39. Bb3
Ra3 40. Rb1 Ke5 41. Bc4 Rf3 42. Rf1 h6 43. Bf7 b3 44. Bh5 Rxf2+ 45. Rxf2 Bxf2
0-1

[Event "Montpellier II-Tournefeuille"]
[Site "Saint Affrique"]
[Date "2007.11.24"]
[Round "2.3"]
[White "Touzane, Olivier"]
[Black "Lacroix, Romain"]
[Result "1/2-1/2"]
[WhiteElo "2325"]
[BlackElo "2170"]
[PlyCount "83"]
[EventDate "2007.11.24"]
[WhiteTeam "Montpellier II"]
[BlackTeam "Tournefeuille"]

1. d4 d5 2. c4 c6 3. Nc3 Nf6 4. Nf3 a6 5. a4 e6 6. Bg5 Be7 7. e3 Nbd7 8. Qc2
O-O 9. Rd1 Re8 10. h3 dxc4 11. Bxc4 b5 12. Bd3 Bb7 13. e4 Nf8 14. O-O Qb6 15.
e5 Nd5 16. Bxe7 Rxe7 17. Ne4 Nd7 18. Nc5 g6 19. Ng5 a5 20. Nge4 Nb4 21. Qc1
Nxc5 22. dxc5 Qc7 23. Qg5 h6 24. Qh4 bxa4 25. Rfe1 Kg7 26. Qf6+ Kg8 27. f4 Nd5
28. Qh4 Kg7 29. Qg3 Ba6 30. Bb1 Rb8 31. Qf2 Qb7 32. Rd2 Qb4 33. h4 h5 34. Qg3
Reb7 35. Red1 Qb3 36. Bd3 Bxd3 37. Rxd3 Qxb2 38. f5 exf5 39. Nd6 Rb4 40. Nxf5+
Kh7 41. Nd4 a3 42. Qf3 1/2-1/2

[Event "Montpellier II-Tournefeuille"]
[Site "Saint Affrique"]
[Date "2007.11.24"]
[Round "2.4"]
[White "Faure, Nicolas"]
[Black "Dussol, Pierre"]
[Result "1-0"]
[WhiteElo "2054"]
[BlackElo "2225"]
[PlyCount "81"]
[EventDate "2007.11.24"]
[WhiteTeam "Tournefeuille"]
[BlackTeam "Montpellier II"]

1. e4 c5 2. Nf3 e6 3. d4 cxd4 4. Nxd4 Nc6 5. Nb5 d6 6. c4 a6 7. N5c3 Nf6 8. Be2
Be7 9. O-O b6 10. Be3 Ne5 11. f4 Ned7 12. f5 O-O 13. fxe6 fxe6 14. Nd2 Rb8 15.
Nb3 Nc5 16. Nd4 Bd7 17. Qc2 Qe8 18. b4 Na4 19. Nxa4 Bxa4 20. Qd3 Bd7 21. Bd1
Qg6 22. Bc2 Ng4 23. Nf3 b5 24. c5 Nxe3 25. Qxe3 dxc5 26. Ne5 Qe8 27. Rxf8+ Bxf8
28. Rd1 Bc8 29. bxc5 Qh5 30. Qg3 Bxc5+ 31. Kh1 Bb7 32. Nd7 Rf8 33. Nxf8 Bxf8
34. Rf1 Qc5 35. Qf4 Qe7 36. Bb3 Bc8 37. Rc1 Bd7 38. Qe5 a5 39. Rc7 Kf7 40. Qh5+
Kg8 41. Qd1 1-0

[Event "Montpellier II-Tournefeuille"]
[Site "Saint Affrique"]
[Date "2007.11.24"]
[Round "2.5"]
[White "Hamdouchi, Adina Maria"]
[Black "Laurain, Dominique"]
[Result "1/2-1/2"]
[WhiteElo "2306"]
[BlackElo "2027"]
[PlyCount "108"]
[EventDate "2007.11.24"]
[WhiteTeam "Montpellier II"]
[BlackTeam "Tournefeuille"]

1. d4 Nf6 2. Nf3 g6 3. g3 Bg7 4. Bg2 O-O 5. O-O d5 6. c4 c6 7. b3 Ne4 8. Bb2
Nd7 9. e3 Ndf6 10. Ne5 Be6 11. f3 Nd6 12. Nd2 Nd7 13. Nxd7 Qxd7 14. Qc2 Rac8
15. e4 dxc4 16. bxc4 b5 17. c5 Nc4 18. Nxc4 Bxd4+ 19. Ne3 Bxe3+ 20. Kh1 Qd2 21.
Rfc1 Qxc2 22. Rxc2 Bc4 23. a4 a6 24. Bf1 Bxf1 25. Rxf1 Rfd8 26. Ra1 Rd2 27.
Rxd2 Bxd2 28. axb5 axb5 29. Ra6 Be3 30. Ba3 Bd2 31. Rb6 Ra8 32. Bb2 b4 33. Kg2
f6 34. Kf1 Bc3 35. Bxc3 bxc3 36. Ke2 Rd8 37. Rb3 Rd2+ 38. Ke3 Rxh2 39. Rxc3 Kf7
40. f4 Rg2 41. Kf3 Rb2 42. Ke3 h5 43. Ra3 Rb5 44. Kd4 Rb4+ 45. Kd3 Ke6 46. Ra6
Kd7 47. Ra7+ Kd8 48. Ra8+ Kc7 49. Ra7+ Rb7 50. Ra3 Kd7 51. Kc4 Ke6 52. Ra6 Rc7
53. Ra8 Kf7 54. Kd4 Rd7+ 1/2-1/2

[Event "Montpellier II-Tournefeuille"]
[Site "Saint Affrique"]
[Date "2007.11.24"]
[Round "2.6"]
[White "Tarayre, Pascal"]
[Black "Flear, Christine"]
[Result "0-1"]
[WhiteElo "1809"]
[BlackElo "2149"]
[PlyCount "58"]
[EventDate "2007.11.24"]
[WhiteTeam "Tournefeuille"]
[BlackTeam "Montpellier II"]

1. e4 c5 2. d4 cxd4 3. c3 Nf6 4. e5 Nd5 5. cxd4 d6 6. Bc4 e6 7. Nf3 Nc6 8. O-O
Be7 9. Nbd2 Nb6 10. Bb3 dxe5 11. dxe5 Qc7 12. Qe2 Bd7 13. Nc4 Nxc4 14. Qxc4 Rc8
15. Qf4 Na5 16. Qg4 Kf8 17. Bg5 Bc6 18. Bxe7+ Qxe7 19. Ba4 h5 20. Qf4 g5 21.
Qd4 Bxf3 22. gxf3 Rc4 23. Qd1 g4 24. Bb3 Rf4 25. Qd6 gxf3 26. Qxe7+ Kxe7 27.
Rfc1 Rg8+ 28. Kf1 Nc6 29. Rc5 Rfg4 0-1

[Event "Montpellier II-Tournefeuille"]
[Site "Saint Affrique"]
[Date "2007.11.24"]
[Round "2.7"]
[White "Buscara, Sevan"]
[Black "Garrel, Pascal"]
[Result "1-0"]
[WhiteElo "2111"]
[BlackElo "1772"]
[PlyCount "57"]
[EventDate "2007.11.24"]
[WhiteTeam "Montpellier II"]
[BlackTeam "Tournefeuille"]

1. d4 d6 2. e4 Nf6 3. Nc3 Nbd7 4. f4 e5 5. Nf3 exd4 6. Qxd4 Be7 7. Bc4 O-O 8.
Be3 c6 9. Bb3 b5 10. a3 a5 11. Ng5 c5 12. Qd1 Ba6 13. Ne2 c4 14. Ba2 h6 15. h4
hxg5 16. hxg5 Nxe4 17. Nc3 Nxg5 18. Qh5 f6 19. fxg5 fxg5 20. O-O-O Nf6 21. Qxg5
d5 22. Qf5 Bc8 23. Qg6 b4 24. Nxd5 Nxd5 25. Qh7+ Kf7 26. Qh5+ Kg8 27. Rxd5 Qc7
28. Rc5 Bxc5 29. Bxc4+ 1-0

[Event "Montpellier II-Tournefeuille"]
[Site "Saint Affrique"]
[Date "2007.11.24"]
[Round "2.8"]
[White "Cwiek, Perrine"]
[Black "Gelis, Dorian"]
[Result "0-1"]
[WhiteElo "1766"]
[BlackElo "2141"]
[PlyCount "62"]
[EventDate "2007.11.24"]
[WhiteTeam "Tournefeuille"]
[BlackTeam "Montpellier II"]

1. e4 e5 2. Nf3 Nc6 3. Bb5 f5 4. d3 fxe4 5. dxe4 Nf6 6. Bg5 Bc5 7. Nc3 d6 8. h3
O-O 9. O-O Ne7 10. Qd2 Kh8 11. Bc4 Qe8 12. Rae1 Bd7 13. Qd3 a6 14. Bb3 Nh5 15.
Nd5 Nxd5 16. Bxd5 c6 17. Bb3 Ng3 18. Be3 Bxe3 19. Rxe3 Nxf1 20. Kxf1 Qe7 21.
Nd2 b5 22. c4 Rf6 23. Rg3 Raf8 24. Nf3 Rf4 25. cxb5 axb5 26. a4 bxa4 27. Bxa4
d5 28. Qe3 Rxe4 29. Qa7 Qf7 30. Qa6 Rc4 31. Qa5 e4 0-1

[Event "Ramonville-Montpellier Diagonale"]
[Site "Saint Affrique"]
[Date "2007.11.24"]
[Round "2.1"]
[White "Lejarre, Ludovic"]
[Black "Rodriguez, Amador"]
[Result "1/2-1/2"]
[WhiteElo "2393"]
[BlackElo "2481"]
[PlyCount "82"]
[EventDate "2007.11.24"]
[WhiteTeam "Ramonville"]
[BlackTeam "La Diagonale du Sud Montpellier"]

1. e4 c5 2. Nf3 d6 3. d4 cxd4 4. Nxd4 Nf6 5. Nc3 a6 6. Be2 e5 7. Nb3 Be7 8. g4
h6 9. f4 exf4 10. Bxf4 Nc6 11. h3 Be6 12. Qd2 d5 13. O-O-O dxe4 14. Qe3 Qc8 15.
Nxe4 Nb4 16. Nxf6+ Bxf6 17. Qd2 Be7 18. Kb1 O-O 19. Be5 Rd8 20. Qc3 Qxc3 21.
Bxc3 Nd5 22. Bd2 Nb6 23. Bf3 Bd5 24. Bxd5 Nxd5 25. c4 Nb6 26. Na5 Na4 27. Kc2
Bf6 28. b3 Nc5 29. Be3 b6 30. Nc6 Re8 31. Rhe1 a5 32. Bf2 g6 33. Rd5 Kg7 34.
Rxe8 Rxe8 35. Bxc5 bxc5 36. Nxa5 Re2+ 37. Rd2 Re3 38. Nb7 Bd4 39. b4 Rc3+ 40.
Kd1 Rxc4 41. bxc5 Bxc5 1/2-1/2

[Event "Ramonville-Montpellier Diagonale"]
[Site "Saint Affrique"]
[Date "2007.11.24"]
[Round "2.2"]
[White "Bertrand, Frederic"]
[Black "Franca, Ricardo Bedin"]
[Result "1/2-1/2"]
[WhiteElo "2279"]
[BlackElo "2215"]
[PlyCount "94"]
[EventDate "2007.11.24"]
[WhiteTeam "La Diagonale du Sud Montpellier"]
[BlackTeam "Ramonville"]

1. d4 d5 2. c4 c6 3. e3 Nf6 4. Nc3 a6 5. Nf3 b5 6. b3 Bg4 7. h3 Bxf3 8. Qxf3 e6
9. c5 Nbd7 10. Qd1 e5 11. Bd3 e4 12. Be2 g6 13. O-O Bg7 14. Bd2 a5 15. a3 O-O
16. b4 a4 17. f3 exf3 18. Bxf3 Re8 19. Qc2 Nf8 20. Rf2 Ne6 21. Raf1 Ng5 22. h4
Nxf3+ 23. Rxf3 Ra7 24. Bc1 h5 25. g3 Re6 26. Nd1 Ne4 27. Nf2 Qb8 28. Nh3 Nxg3
29. Qh2 Be5 30. dxe5 Nxf1 31. Rxf1 Qxe5 32. Ng5 Qxh2+ 33. Kxh2 Re8 34. Rf6 Rc7
35. Kg2 d4 36. exd4 Re2+ 37. Kg3 Rc2 38. Bf4 Rc3+ 39. Kf2 Rc8 40. Bd6 Re8 41.
Rxf7 Rd3 42. Be7 Rxa3 43. Bf6 Ra2+ 44. Kg3 Re1 45. Rc7 Rg1+ 46. Kh3 Rh1+ 47.
Kg3 Rg1+ 1/2-1/2